000 00566nam a2200217Ia 4500
008 101110s9999 xx 000 0 und d
041 _aENGLISH
082 _bSR29267
100 _aSchildt Herbert
245 _aC# 2.0 (The Complet Reference) 2nd Ed.
260 _c2006
_bTATA McGraw Hill, New Delhi.
300 _a890
365 _b525
520 _aComputer
546 _aENGLISH
630 _aC# 2.0 (The Complet Reference) 2nd Ed.
650 _aComputer
655 _aComputer
730 _aC# 2.0 (The Complet Reference) 2nd Ed.
942 _cBOOK
999 _c821778
_d821775